| 000 -CABECERA |
| fixed length control field |
01378nam a22002897a 4500 |
| 003 - IDENTIFICADOR DEL NÚMERO DE CONTROL |
| control field |
AR-CdUCM |
| 008 - DATOS DE LONGITUD FIJA--INFORMACIÓN GENERAL |
| fixed length control field |
260331b2023 pe ||||| |||| 00| 0 esp d |
| 020 ## - NÚMERO INTERNACIONAL ESTÁNDAR DEL LIBRO |
| ISBN |
978-612-00-9222-4 |
| 040 ## - FUENTE DE LA CATALOGACIÓN |
| Agencia/entidad que catalogó originalmente la obra |
MUNICIPALIDAD PROVINCIAL DEL CUSCO |
| Entidad que transcribió la catalogación |
BIBLIOTECA MUNICIPAL DEL CUSCO |
| 082 ## - NÚMERO DE LA CLASIFICACIÓN DECIMAL DEWEY |
| No. de Clasificación |
613.2 / |
| Notacion interna |
V75 |
| 100 ## - ENTRADA PRINCIPAL--NOMBRE DE PERSONA |
| Nombre Personal |
Vizcarra Gambarte, Jorge Pablo |
| 245 ## - MENCIÓN DE TÍTULO |
| Título |
Obesidad : |
| Resto del título |
Ensayo / |
| 260 ## - PUBLICACIÓN, DISTRIBUCIÓN, ETC. |
| Lugar de publicación, distribución, etc. |
Cusco - Perú : |
| Nombre de la editorial, distribuidor, etc. |
Vizcarra Gambarte, Jorge Pablo, |
| Fecha de publicación, distribución, etc. |
2023. |
| 300 ## - DESCRIPCIÓN FÍSICA |
| Nº de Páginas Extensión |
141 páginas. : |
| Dimensiones |
15 x 20 cm. |
| 500 ## - NOTA GENERAL |
| Bibliografía |
páginas 133 - 140 |
| 505 ## - NOTA DE CONTENIDO CON FORMATO |
| Nota de contenido formateada |
Contenido: La obesidad como factor biológico, social y psíquico de morbi-mortalidad -- Culturización e inmigración ¿Hay diferencias entre obesos? -- Obesidad como factor de desigualdad social -- Un negocio paralelo -- La traición de la tradición...la Venus de Willendorf -- Como estigma y factor de discriminación -- La velocidad de la vida...la comida rápida -- Planeta hambriento, opulento -- El significado de ser -- Tan odiada, tan querida...la insulina -- Dime con quién andas, el colesterol....<br/><br/> |
| 650 ## - PUNTO DE ACCESO ADICIONAL DE MATERIA--TÉRMINO DE MATERIA |
| Descriptor |
Obesidad |
| 9 (RLIN) |
36519 |
| 650 ## - PUNTO DE ACCESO ADICIONAL DE MATERIA--TÉRMINO DE MATERIA |
| Descriptor |
Tiroides |
| 9 (RLIN) |
43392 |
| 650 ## - PUNTO DE ACCESO ADICIONAL DE MATERIA--TÉRMINO DE MATERIA |
| Descriptor |
Sedentarismo |
| 9 (RLIN) |
12198 |
| 650 ## - PUNTO DE ACCESO ADICIONAL DE MATERIA--TÉRMINO DE MATERIA |
| Descriptor |
Depresión |
| 9 (RLIN) |
37049 |
| 650 ## - PUNTO DE ACCESO ADICIONAL DE MATERIA--TÉRMINO DE MATERIA |
| Descriptor |
Envejecimiento |
| 9 (RLIN) |
52447 |
| 650 ## - PUNTO DE ACCESO ADICIONAL DE MATERIA--TÉRMINO DE MATERIA |
| Descriptor |
Papel terapéutico |
| 9 (RLIN) |
52448 |
| 650 ## - PUNTO DE ACCESO ADICIONAL DE MATERIA--TÉRMINO DE MATERIA |
| Descriptor |
Enfoque |
| 9 (RLIN) |
52449 |
| 942 ## - ELEMENTOS DE PUNTO DE ACCESO ADICIONAL (KOHA) |
| Fuente de clasificación |
|
| Tipo de item |
Libros-BMC |
| 945 ## - PROCESAMIENTO DE INFORMACIÓN LOCAL (OCLC) |
| Catalogador |
jmcs |
| AAAA-MM-DD - Fecha de ingreso o modificacion |
31/03/2026 |